| 000 | 00789cam a22002414a 4500 | ||
|---|---|---|---|
| 001 | 12346547 | ||
| 005 | 20180123091639.0 | ||
| 008 | 010314s2002 mau b 001 0 eng | ||
| 010 | _a 2001022603 | ||
| 020 | _a0205337449 (alk. paper) | ||
| 040 |
_aDLC _cDLC _dDLC |
||
| 041 | _aeng | ||
| 042 | _apcc | ||
| 080 | _a300.72 don | ||
| 082 | 0 | 0 |
_a300.72 don _221 |
| 100 | 1 | _a59 | |
| 101 | _asoc | ||
| 245 | 1 | 0 |
_aSocial research : _cDon G. McTavish, Herman J. Loether. |
| 504 | _aIncludes bibliographical references (p. 339-340) and index. | ||
| 906 |
_a7 _bcbc _corignew _d1 _eocip _f20 _gy-gencatlg |
||
| 942 |
_2ddc _cBK |
||
| 999 |
_c40800 _d40800 |
||